1277 1707 1511 1679 1888 1223 1352 1537 1422 1850 1772 1830 1867 1018 1408 1325 1240 1652 1022 1482 1110 1752 1581 1814 1450 1026 1168 1484 1089 1078 1618 1182 1436 1610 1165 1368 1798 1738 1408 1382 1214 1079 1264 1417 1065 1852 1900 1542 1870 1795 1242 1310 1282 1418 1600 1548 1209 1197 1191 1828 1110 1941 1714 1346 1633 1618 1303 1916 1977 1276 1135 1390 1451 1818 1202 1900 1324 1322 1321 1622 1810 1830 1168 1699 1079 1722 1799 1559 1700 1893 1021 1214 1631 1384 1205 1906 1245 1128 1481 BCNSPRNW ULIB Ver.6.0+V

เปลี่ยนเป็นภาษาไทย

Change to English
 แสดงรายละเอียดบรรณานุกรม
  กลับหน้าหลัก

Brief Record : Get Marc (ISO 2709) : E-mail record : QR code < ปิดหน้าต่าง
LEADER : 00000nam 2200000uu 4500
001    13399107815
003     ULIB
008    110204s2551||||th 000 0 tha d
020    9743483479
060  4 WY18.2^bพ953ท
110 1  เพื่อนช่วยจำ
245 00 ทบทวนการพยาบาลผู้ใหญ่ ANR=^bAdult nursing review,^cเพื่อนช่วยจำ
246 0  Adult nursing review
260    กรุงเทพฯ:^bเพื่อนช่วยจำ,^c2551
300    202 หน้า
650  7 การพยาบาลผู้ใหญ่^xข้อสอบ
710 1  เพื่อนช่วยจำ
945    ^p199^l0^i027867
945    ^p199^l0^i027866
945    ^p199^l0^i027864
945    ^p199^l0^i025948
945    ^p199^l0^i025947
945    ^p199^l0^i025946
945    ^p199^l0^i025392
945    ^p199^l0^i025945
945    ^p199^l0^i025390
945    ^p199^l0^i025391
945    ^p199^l0^i025389
945    ^p199^l0^i025388
945    ^p199^l0^i025387
945    ^p199^l0^i025386
945    ^p199^l0^i027865
945    ^p199^l0^i027863
945    ^p199^l0^i032262
945    ^p199^l0^i032263
945    ^p199^l0^i032264
945    ^p199^l0^i032265
945    ^p199^l0^i032266
945    ^p199^l0^i032267
945    ^p199^l0^i032268
945    ^p199^l0^i032269
995    ทศพร
999 ^a ใช้งานได้ทุกระบบ
รายการนี้ยังไม่มีแท็ก
คุณยังไม่ได้ล็อกอิน คุณสามารถมีกิจกรรมร่วมกับเว็บไซต์ได้ แต่ต้องล็อกอินก่อน ::
  ล็อกอิน

รายการสื่อสารสนเทศ

ลำดับที่ ประเภท เลขเรียก/บาร์โค้ด สถานที่ สถานะ
- ไม่พบข้อมูล -

BibComment


ยังไม่เคยถูกคอมเมนท์

คอมเมนท์ทรัพยากรรายการนี้
  คอมเมนท์: ทบทวนการพยาบาลผู้..


 Copyright 2026. Bcnsprnw @Library